Vytvorenie užívateľského dialógu pre prácu s údajmi pomocou jazyka VBA v MS Excel diplomová práca

Salvato in:
Dettagli Bibliografici
Autore principale: Hraňo, Jakub
Ente Autore: Fakulta hospodárskej informatiky EU. Katedra matematiky a aktuárstva
Altri autori: Mucha, Vladimír, 1976-
Natura: Libro
Lingua:slovacco
Pubblicazione: Bratislava 2024
Tags: Aggiungi Tag
Nessun Tag, puoi essere il primo ad aggiungerne!!

MARC

LEADER 00000nbm a2200000 4500
001 0301180
005 20250129085540.7
041 0 |a slo 
044 |a SK 
245 1 0 |a Vytvorenie užívateľského dialógu pre prácu s údajmi pomocou jazyka VBA v MS Excel  |b diplomová práca  |c Jakub Hraňo ; školiteľ: Vladimír Mucha 
264 1 |a Bratislava  |c 2024 
300 |a 84 s. 
100 1 |a Hraňo, Jakub 
700 1 |a Mucha, Vladimír, 1976- 
710 2 |a Fakulta hospodárskej informatiky EU. Katedra matematiky a aktuárstva